At peace with failure / (Record no. 3507)

MARC details
000 -LEADER
fixed length control field 00813cam a2200265 a 4500
001 - CONTROL NUMBER
control field 1408420
003 - CONTROL NUMBER IDENTIFIER
control field GBCCL
005 - DATE AND TIME OF LATEST TRANSACTION
control field 20241126110456.0
008 - FIXED-LENGTH DATA ELEMENTS--GENERAL INFORMATION
fixed length control field 831024s1984 mnu 000 0aeng
010 ## -
-- 83072114
020 ## - INTERNATIONAL STANDARD BOOK NUMBER
International Standard Book Number 0806620587 (pbk.) :
Terms of availability $4.95
040 ## - CATALOGING SOURCE
Original cataloging agency DLC
Transcribing agency DLC
Modifying agency DLC
050 10 -
-- BV4935.M44
-- A33 1984
082 00 - DEWEY DECIMAL CLASSIFICATION NUMBER
Classification number 248.092
-- B
Edition information 19
Item number MEH
100 1# - MAIN ENTRY--PERSONAL NAME
Personal name Mehl, Duane.
9 (RLIN) 7051
245 10 - TITLE STATEMENT
Title At peace with failure /
Statement of responsibility, etc. Duane Mehl.
260 ## - PUBLICATION, DISTRIBUTION, ETC.
Place of publication, distribution, etc. Minneapolis :
Name of publisher, distributor, etc. Augsburg Pub. House,
Date of publication, distribution, etc. c1984.
300 ## - PHYSICAL DESCRIPTION
Extent 112 p. ;
Dimensions 20 cm.
600 10 - SUBJECT ADDED ENTRY--PERSONAL NAME
Personal name Mehl, Duane.
9 (RLIN) 7051
650 #0 - SUBJECT ADDED ENTRY--TOPICAL TERM
Topical term or geographic name entry element Christian converts
Geographic subdivision United States
Form subdivision Biography.
9 (RLIN) 6558
650 #0 - SUBJECT ADDED ENTRY--TOPICAL TERM
Topical term or geographic name entry element Alcoholics
Geographic subdivision United States
Form subdivision Biography.
9 (RLIN) 7052
650 #0 - SUBJECT ADDED ENTRY--TOPICAL TERM
Topical term or geographic name entry element Christian life.
9 (RLIN) 183
906 ## - LOCAL DATA ELEMENT F, LDF (RLIN)
a 7
b cbc
c orignew
d 1
e opcn
f 19
g y-gencatlg
942 ## - ADDED ENTRY ELEMENTS (KOHA)
Source of classification or shelving scheme Dewey Decimal Classification
Koha item type Books
Koha issues (borrowed), all copies 1
Holdings
Withdrawn status Lost status Source of classification or shelving scheme Damaged status Not for loan Home library Current Library Shelving location Date acquired Total checkouts Full call number Barcode Date last seen Date last checked out Copy number Price effective from Koha item type
    Dewey Decimal Classification     GRACE BIBLE COLLEGE GRACE BIBLE COLLEGE Ministry & Mission 2017-11-28 1 248.092 MEH 008187 2025-05-01 2024-10-29 c.1 2017-11-28 Books
© Grace Bible College Library 2025